Statistics for Diplomatic Missions of the Bahamas

Click here to take the quiz!

General Stats

  • This quiz has been taken 37 times
  • The average score is 17 of 19

Answer Stats

MissionAnswer% Correct
CountryUnited Kingdom
100%
CountryUnited States
100%
High CommissionLondon
97%
Consulate-GeneralNew York City
97%
Consulate-GeneralWashington D.C.
97%
EmbassyWashington D.C.
97%
Consulate-GeneralMiami
93%
EmbassyBeijing
90%
CountryChina
90%
CountryBelgium
86%
EmbassyBrussels
86%
Consulate-GeneralAtlanta
83%
CountryCanada
83%
CountryCuba
83%
EmbassyHavana
83%
High CommissionOttawa
83%
Permanent MissionGeneva
76%
CountryHaiti
76%
EmbassyPort-au-Prince
72%

Score Distribution

Percentile by Number Answered

Percent of People with Each Score

Your Score History

You have not taken this quiz